[Event "FAI-ch Junior Gr D"]
[Site "Torshavn"]
[Date "2003.02.??"]
[Round "6"]
[White "Agrest, Inna"]
[Black "Torgeirsson, Sverrir"]
[Result "1-0"]
[WhiteElo "1000"]
[BlackElo "1500"]
[PlyCount "70"]
[EventDate "2003.02.??"]
[EventType "swiss"]
[EventRounds "6"]
[EventCountry "FAI"]
[SourceTitle "EXT 2024"]
[Source "ChessBase"]
[SourceDate "2023.10.10"]
[SourceVersion "1"]
[SourceVersionDate "2023.10.10"]
[SourceQuality "1"]

1. e4 e5 2. d4 exd4 3. c3 dxc3 4. Bc4 Bc5 5. Nxc3 Nc6 6. Nf3 d6 7. 0-0 Nf6 8. Bg5 h6 9. Bxf6 Qxf6 10. Nd5 Qd8 11. Nf4 Bg4 12. h3 Bxf3 13. Qxf3 Ne5 14. Qe2 0-0 15. Kh1 c6 16. Nh5 Nxc4 17. Qxc4 Qg5 18. Ng3 Bxf2 19. Rxf2 Qxg3 20. Raf1 Qg6 21. Rf4 Qe6 22. Qa4 f6 23. a3 Rfe8 24. Qd1 d5 25. exd5 Qxd5 26. Qg4 Qg5 27. Qd7 Qd5 28. Qxb7 Reb8 29. Qe7 Rxb2 30. Rg4 Qf7 31. Qd6 Kh7 32. Qxc6 Rb6 33. Qxa8 Ra6 34. Qe4+ g6 35. Qe3 g5 1-0

[Event "FAI-ch Junior Gr D"]
[Site "Torshavn"]
[Date "2003.02.??"]
[Round "1"]
[White "Torgeirsson, Sverrir"]
[Black "Skovgaard, Peter"]
[Result "0-1"]
[WhiteElo "1500"]
[BlackElo "1767"]
[PlyCount "78"]
[EventDate "2003.02.??"]
[EventType "swiss"]
[EventRounds "6"]
[EventCountry "FAI"]
[SourceTitle "EXT 2024"]
[Source "ChessBase"]
[SourceDate "2023.10.10"]
[SourceVersion "1"]
[SourceVersionDate "2023.10.10"]
[SourceQuality "1"]

1. e4 c5 2. Nf3 d6 3. d4 cxd4 4. Nxd4 Nf6 5. Nc3 g6 6. Bc4 Bg7 7. 0-0 0-0 8. h3 Nc6 9. Nxc6 bxc6 10. Bf4 Rb8 11. Bb3 Nd7 12. Qf3 Ne5 13. Bxe5 Bxe5 14. Rab1 Qa5 15. Rfd1 Be6 16. Ra1 Qc5 17. Rac1 Rb4 18. Rd3 Bc4 19. Rdd1 f5 20. a3 Rbb8 21. Na4 Qb5 22. Bxc4+ Qxc4 23. b3 Qxe4 24. Qxe4 fxe4 25. Re1 d5 26. Nc5 Bd4 27. Nd7 Bxf2+ 28. Kf1 Bxe1+ 29. Kxe1 e5 30. Nxb8 Rxb8 31. Kd2 Rf8 32. Ke3 Rf4 33. c3 Kf7 34. b4 Ke7 35. Rc2 Rf1 36. Ke2 Ra1 37. a4 Rxa4 38. Ke3 Ra1 39. c4 Ra3+ 0-1